| 000 | 00596cam a2200229 4500 | ||
|---|---|---|---|
| 008 | 090401t1990 xxu||||| |||| 00| 0 eng d | ||
| 020 | _a1852610964 | ||
| 035 | _a(Sirsi) u22108 | ||
| 041 | _aeng | ||
| 050 | _a336.24 | ||
| 110 |
_aLondon Research Centre _93277 |
||
| 245 | _aBES assured tenancy schemes in London : the first year | ||
| 260 |
_aLondon _bLondon Research Centre _c1990 |
||
| 300 | _a13p. ; 30cm. | ||
| 350 | _a25 | ||
| 650 | _aASSURED TENANCIES | ||
| 650 | _aBUSINESS EXPANSION SCHEME | ||
| 650 | _aHOUSING | ||
| 650 | _aTAXATION | ||
| 942 | _n0 | ||
| 948 | _c04/03/1997 | ||
| 999 |
_c88126 _d88126 |
||